000 01183cam a2200313 i 4500
001 careerenglishski00hemp
003 CaSfIA
005 20230525154902.0
007 cr||||
008 791220s1980 njua p 001 0 eng
010 _a 79027249
040 _aDLC
_cDLC
_dBTCTA
_dOCLCG
_dCaSfIA
020 _a0131145959 :
_c$9.95
020 _a9780131145955
035 _a(OCoLC)5893258
050 1 0 _aPE1112.5
_b.H4
082 0 0 _a428.2
100 1 _aHemphill, Phyllis D.,
_d1919-
245 1 0 _aCareer English :
_h[electronic resource]
_bskill development for effective communication /
_cPhyllis Davis Hemphill ; edited by Anita M. Hemphill.
260 _aEnglewood Cliffs, N.J. :
_bPrentice-Hall,
_cc1980.
300 _avii, 328 p. :
_bill. ;
_c28 cm.
500 _aIncludes index.
650 0 _aEnglish language
_xBusiness English.
650 0 _aEnglish language
_vProgrammed instruction.
700 1 _aHemphill, Anita M.
856 4 1 _uhttp://www.archive.org/details/careerenglishski00hemp
_zFree eBook from the Internet Archive
856 4 2 _uhttp://www.openlibrary.org/books/OL4422761M
_zAdditional information and access via Open Library
029 1 _aAU@
_b000001611641
999 _c19563
_d19563